000 00675cam a2200229 a 4500
001 000018642
005 20200929165832.0
008 750929s1975 xxc 000 d fre d
020 _a0776100424
040 _aDO-SdBNP
_bfre
_cLC
_dBNGR
082 _a842.914
_bD814e
100 1 _aDubé, Marcel,
_d1930-
_940277
245 1 2 _aL'été s'appelle Julie /
_cMarcel Dubé.
260 _aOttawa :
_bLeméac,
_c1975.
300 _axiii, 154 p. ;
_c20 cm.
490 1 _aThéátre/Leméac
650 4 _aTeatro canadiense
_939715
650 4 _aLiteratura canadiense
_ySIGLO XX
_97991
830 0 _aThéátre/Leméac
_940278
910 _aCatalogación derivada / LC
049 _aBNGR
999 _c18162
_d18162